书目信息 |
| 题名: |
旧唐书 一
|
|
| 作者: | 刘煦 撰 | |
| 分册: | ||
| 出版信息: | 北京 中华书局 1999.08 |
|
| 页数: | 849页 | |
| 开本: | 32开 | |
| 丛书名: | ||
| 单 册: | ||
| 中图分类: | K242.042 | |
| 科图分类: | ||
| 主题词: | 中国--历史 | |
| 电子资源: | ||
| ISBN: | ||
| 000 | 00527nam0 2200193 45 | |
| 001 | 0010231896 | |
| 005 | 20120323152326.34 | |
| 100 | @a20001023d1999 km y0chiy0120 ea | |
| 101 | 0 | @achi |
| 102 | @aCN@b110000 | |
| 105 | @a z 000yy | |
| 200 | 1 | @a旧唐书 一@AJiu Tang Shu Yi@f(后晋)刘煦等撰@F(Hou Jin)Liu Xu Deng Zhuan |
| 210 | @a北京@c中华书局@d1999.08 | |
| 215 | @a849页@d32开 | |
| 606 | 0 | @a中国@x历史 |
| 690 | @aK242.042@v3 | |
| 701 | 0 | @a刘煦@4撰 |
| 801 | @aCN@bPftUser@c20001023 | |
| 905 | @dK242.042@eL798:1@b332524@f1 | |
| 旧唐书 一/(后晋)刘煦等撰.-北京:中华书局,1999.08 |
| 849页;32开 |
| ISBN : |
| ● |
| 相关链接 |
|
|
|
正题名:旧唐书 一
索取号:K242.042/L798:1
 
预约/预借
| 序号 | 登录号 | 条形码 | 馆藏地/架位号 | 状态 | 备注 |
| 1 | 332524 | 203325240 | 自科二线404/309社科库 38排5列3层/ [索取号:K242.042/L798:1] | 在馆 |